<?xml version="1.0" encoding="UTF-8"?>
<record
    xmlns:xsi="http://www.w3.org/2001/XMLSchema-instance"
    xsi:schemaLocation="http://www.loc.gov/MARC21/slim http://www.loc.gov/standards/marcxml/schema/MARC21slim.xsd"
    xmlns="http://www.loc.gov/MARC21/slim">

  <leader>01519nam a2200217Ia 4500</leader>
  <controlfield tag="003">Ost</controlfield>
  <controlfield tag="005">20260507075726.0</controlfield>
  <controlfield tag="008">260507s9999||||xx |||||||||||||| ||und||</controlfield>
  <datafield tag="040" ind1=" " ind2=" ">
    <subfield code="c">fsecg</subfield>
  </datafield>
  <datafield tag="041" ind1=" " ind2=" ">
    <subfield code="a">ara</subfield>
  </datafield>
  <datafield tag="082" ind1=" " ind2=" ">
    <subfield code="a">346.62</subfield>
  </datafield>
  <datafield tag="100" ind1=" " ind2=" ">
    <subfield code="a">&#x62E;&#x644;&#x64A;&#x644;&#x60C; &#x627;&#x62D;&#x645;&#x62F;</subfield>
    <subfield code="e">&#x645;&#x624;&#x644;&#x641;</subfield>
  </datafield>
  <datafield tag="245" ind1=" " ind2="0">
    <subfield code="a">&#x627;&#x644;&#x642;&#x627;&#x646;&#x648;&#x646; &#x627;&#x644;&#x645;&#x62F;&#x646;&#x649;--&#x645;&#x635;&#x631;&#x645;&#x628;&#x62F;&#x623; &#x627;&#x644;&#x645;&#x648;&#x627;&#x62C;&#x647;&#x647; &#x648;&#x62F;&#x648;&#x631;&#x647; &#x641;&#x64A; &#x627;&#x644;&#x62A;&#x646;&#x641;&#x64A;&#x630; &#x627;&#x644;&#x62C;&#x628;&#x631;&#x64A; :</subfield>
    <subfield code="b">&#x62F;&#x631;&#x627;&#x633;&#x629; &#x641;&#x64A; &#x648;&#x627;&#x62C;&#x628; &#x627;&#x644;&#x627;&#x639;&#x644;&#x627;&#x645; &#x641;&#x64A; &#x645;&#x62C;&#x627;&#x644; &#x627;&#x644;&#x642;&#x627;&#x646;&#x648;&#x646; &#x627;&#x644;&#x627;&#x62C;&#x631;&#x627;&#x626;&#x64A; /</subfield>
    <subfield code="c"> &#x627;&#x62D;&#x645;&#x62F; &#x62E;&#x644;&#x64A;&#x644;</subfield>
  </datafield>
  <datafield tag="260" ind1=" " ind2=" ">
    <subfield code="a">&#x627;&#x644;&#x627;&#x633;&#x643;&#x646;&#x62F;&#x631;&#x64A;&#x629;: </subfield>
    <subfield code="b">&#x62F;&#x627; &#x631;&#x627;&#x644;&#x645;&#x637;&#x628;&#x648;&#x639;&#x627;&#x62A; &#x627;&#x644;&#x62C;&#x627;&#x645;&#x639;&#x64A;&#x629;, </subfield>
    <subfield code="c">2000</subfield>
  </datafield>
  <datafield tag="300" ind1=" " ind2=" ">
    <subfield code="a">196  &#x635;&#x641;&#x62D;&#x629;&#x61B; </subfield>
  </datafield>
  <datafield tag="504" ind1=" " ind2=" ">
    <subfield code="a">&#x628;&#x64A;&#x628;&#x644;&#x64A;&#x648;&#x63A;&#x631;&#x627;&#x641;&#x64A;&#x627; : &#x635;.187-191</subfield>
  </datafield>
  <datafield tag="520" ind1=" " ind2=" ">
    <subfield code="a">&#x641;&#x64A; &#x647;&#x630;&#x627; &#x627;&#x644;&#x643;&#x62A;&#x627;&#x628; :  &#x645;&#x627;&#x647;&#x64A;&#x629; &#x627;&#x644;&#x645;&#x648;&#x627;&#x62C;&#x647;&#x629; &#x641;&#x64A; &#x627;&#x644;&#x62A;&#x646;&#x641;&#x64A;&#x630; &#x627;&#x644;&#x62C;&#x628;&#x631;&#x64A; &#x648;&#x648;&#x633;&#x627;&#x626;&#x644;&#x647;&#x627; &#x61B; &#x645;&#x627;&#x647;&#x64A;&#x629; &#x627;&#x644;&#x645;&#x648;&#x627;&#x62C;&#x647;&#x629; &#x641;&#x64A; &#x627;&#x644;&#x62A;&#x646;&#x641;&#x64A;&#x630; &#x627;&#x644;&#x62C;&#x628;&#x631;&#x64A; &#x61B;&#x648;&#x633;&#x627;&#x626;&#x644;  &#x627;&#x644;&#x645;&#x648;&#x627;&#x62C;&#x647;&#x629; &#x641;&#x64A; &#x627;&#x644;&#x62A;&#x646;&#x641;&#x64A;&#x630; &#x627;&#x644;&#x62C;&#x628;&#x631;&#x64A; &#x60C;&#x62A;&#x637;&#x628;&#x64A;&#x642;&#x627;&#x62A;  &#x627;&#x644;&#x645;&#x648;&#x627;&#x62C;&#x647;&#x629; &#x641;&#x64A; &#x627;&#x644;&#x62A;&#x646;&#x641;&#x64A;&#x630; &#x627;&#x644;&#x62C;&#x628;&#x631;&#x64A; &#x60C; &#x627;&#x644;&#x645;&#x648;&#x627;&#x62C;&#x647;&#x629; &#x641;&#x64A; &#x645;&#x631;&#x62D;&#x644;&#x629; &#x627;&#x639;&#x62F;&#x627;&#x62F; &#x627;&#x644;&#x633;&#x646;&#x62F; &#x627;&#x644;&#x62A;&#x646;&#x641;&#x64A;&#x630;&#x64A; &#x60C; &#x627;&#x644;&#x645;&#x648;&#x627;&#x62C;&#x647;&#x629; &#x641;&#x64A; &#x645;&#x631;&#x62D;&#x644;&#x629; &#x645;&#x642;&#x62F;&#x645;&#x627;&#x62A; &#x627;&#x644;&#x62A;&#x646;&#x641;&#x64A;&#x630; &#x60C; &#x627;&#x644;&#x645;&#x648;&#x627;&#x62C;&#x629; &#x641;&#x64A; &#x645;&#x631;&#x62D;&#x644;&#x629; &#x627;&#x644;&#x62D;&#x62C;&#x632; &#x627;&#x644;&#x645;&#x648;&#x627;&#x62C;&#x647;&#x629; &#x641;&#x64A; &#x645;&#x631;&#x62D;&#x644;&#x629; &#x627;&#x644;&#x627;&#x62C;&#x631;&#x627;&#x621;&#x627;&#x62A; &#x627;&#x644;&#x644;&#x62D;&#x642;&#x629; &#x639;&#x644;&#x649; &#x627;&#x644;&#x62D;&#x62C;&#x632; &#x60C; &#x627;&#x644;&#x645;&#x648;&#x627;&#x62C;&#x647;&#x629; &#x641;&#x64A; &#x645;&#x631;&#x62D;&#x644;&#x629; &#x627;&#x644;&#x628;&#x64A;&#x639; &#x60C; &#x627;&#x644;&#x645;&#x648;&#x627;&#x62C;&#x647;&#x629; &#x641;&#x64A; &#x645;&#x631;&#x62D;&#x644;&#x629; &#x627;&#x633;&#x62A;&#x64A;&#x641;&#x627;&#x621; &#x627;&#x644;&#x62F;&#x626;&#x646; &#x644;&#x62D;&#x642;&#x647;</subfield>
  </datafield>
  <datafield tag="653" ind1=" " ind2=" ">
    <subfield code="a">&#x627;&#x644;&#x642;&#x627;&#x646;&#x648;&#x646; &#x627;&#x644;&#x645;&#x62F;&#x646;&#x64A; - &#x645;&#x635;&#x631;</subfield>
  </datafield>
  <datafield tag="653" ind1=" " ind2=" ">
    <subfield code="a">&#x642;&#x627;&#x646;&#x648;&#x646; &#x627;&#x644;&#x627;&#x62C;&#x631;&#x627;&#x621;&#x627;&#x62A; &#x627;&#x644;&#x62C;&#x646;&#x627;&#x626;&#x64A;&#x629; </subfield>
  </datafield>
  <datafield tag="942" ind1=" " ind2=" ">
    <subfield code="c">&#x643;&#x62A;&#x627;&#x628;</subfield>
  </datafield>
  <datafield tag="952" ind1=" " ind2=" ">
    <subfield code="0">0</subfield>
    <subfield code="1">0</subfield>
    <subfield code="2">lcc</subfield>
    <subfield code="4">0</subfield>
    <subfield code="7">-1</subfield>
    <subfield code="a">fsecg</subfield>
    <subfield code="b">fsecg</subfield>
    <subfield code="d">2026-05-07</subfield>
    <subfield code="h">&#x627;&#x644;&#x637;&#x627;&#x628;&#x642; &#x627;&#x644;&#x623;&#x631;&#x636;&#x64A;</subfield>
    <subfield code="i">1119/1</subfield>
    <subfield code="l">0</subfield>
    <subfield code="o">&#x623;/1119&#x646;1</subfield>
    <subfield code="p">1119/1</subfield>
    <subfield code="r">2026-05-07 07:57:26</subfield>
    <subfield code="w">2026-05-07</subfield>
    <subfield code="y">&#x643;&#x62A;&#x627;&#x628;</subfield>
  </datafield>
  <datafield tag="952" ind1=" " ind2=" ">
    <subfield code="0">0</subfield>
    <subfield code="1">0</subfield>
    <subfield code="2">ddc</subfield>
    <subfield code="4">0</subfield>
    <subfield code="7">0</subfield>
    <subfield code="a">fsecg</subfield>
    <subfield code="b">fsecg</subfield>
    <subfield code="d">2026-05-07</subfield>
    <subfield code="h">&#x627;&#x644;&#x637;&#x627;&#x628;&#x642; &#x627;&#x644;&#x62B;&#x627;&#x646;&#x64A;</subfield>
    <subfield code="i">1119/2</subfield>
    <subfield code="l">0</subfield>
    <subfield code="o">&#x623;/1119&#x646;2</subfield>
    <subfield code="p">1119/2</subfield>
    <subfield code="r">2026-05-07 07:57:26</subfield>
    <subfield code="w">2026-05-07</subfield>
    <subfield code="y">&#x643;&#x62A;&#x627;&#x628;</subfield>
  </datafield>
  <datafield tag="999" ind1=" " ind2=" ">
    <subfield code="c">45980</subfield>
    <subfield code="d">45980</subfield>
  </datafield>
</record>
